The cuckoo's egg : (Record no. 1309)

000 -LEADER
fixed length control field 01298nam a22003977a 4500
001 - CONTROL NUMBER
control field 563069
003 - CONTROL NUMBER IDENTIFIER
control field OSt
005 - DATE AND TIME OF LATEST TRANSACTION
control field 20210426095531.0
008 - FIXED-LENGTH DATA ELEMENTS--GENERAL INFORMATION
fixed length control field 890412s1989 nyu b 000 0 eng
010 ## - LIBRARY OF CONGRESS CONTROL NUMBER
LC control number 89007808
020 ## - INTERNATIONAL STANDARD BOOK NUMBER
International Standard Book Number 0385249462 (alk. paper)
040 ## - CATALOGING SOURCE
Original cataloging agency DLC
Transcribing agency DLC
Modifying agency DLC
Language of cataloging eng
041 ## - LANGUAGE CODE
Language code of text/sound track or separate title eng
043 ## - GEOGRAPHIC AREA CODE
Geographic area code e-ur---
-- e-gx---
-- n-us---
050 00 - LIBRARY OF CONGRESS CALL NUMBER
Classification number UB271.R92
Item number H477 1989
080 ## - UNIVERSAL DECIMAL CLASSIFICATION NUMBER
Universal Decimal Classification number 821.111
Item number S-86
082 00 - DEWEY DECIMAL CLASSIFICATION NUMBER
Classification number 364.1/68/0973
Edition number 20
100 1# - MAIN ENTRY--PERSONAL NAME
Personal name Stoll, Clifford.
245 14 - TITLE STATEMENT
Title The cuckoo's egg :
Remainder of title tracking a spy through the maze of computer espionage /
Statement of responsibility, etc. / by: Doubleday
250 ## - EDITION STATEMENT
Edition statement 1st edition
260 ## - PUBLICATION, DISTRIBUTION, ETC.
Place of publication, distribution, etc. New York
Name of publisher, distributor, etc. Doubleday
Date of publication, distribution, etc. c1989.
300 ## - PHYSICAL DESCRIPTION
Extent vi, 326 p.
Dimensions 25 cm.
365 ## - TRADE PRICE
Price amount 19.95 usd
504 ## - BIBLIOGRAPHY, ETC. NOTE
Bibliography, etc. note Bibliography: p. 325-326.
600 10 - SUBJECT ADDED ENTRY--PERSONAL NAME
Personal name Hess, Markus.
600 10 - SUBJECT ADDED ENTRY--PERSONAL NAME
Personal name Stoll, Clifford.
650 #0 - SUBJECT ADDED ENTRY--TOPICAL TERM
Topical term or geographic name entry element Espionage, Soviet
Geographic subdivision United States.
650 #0 - SUBJECT ADDED ENTRY--TOPICAL TERM
Topical term or geographic name entry element English literature
9 (RLIN) 247
650 #0 - SUBJECT ADDED ENTRY--TOPICAL TERM
Topical term or geographic name entry element Espionage, Soviet
Geographic subdivision Germany
-- Hannover.
650 #0 - SUBJECT ADDED ENTRY--TOPICAL TERM
Topical term or geographic name entry element Defense information, Classified
Geographic subdivision United States
General subdivision Databases.
650 #0 - SUBJECT ADDED ENTRY--TOPICAL TERM
Topical term or geographic name entry element Computer crimes
Geographic subdivision United States.
650 #0 - SUBJECT ADDED ENTRY--TOPICAL TERM
Topical term or geographic name entry element Computer crimes
Geographic subdivision Germany
-- Hannover.
653 ## - INDEX TERM--UNCONTROLLED
Uncontrolled term ინგლისური ლიტერატურა
906 ## - LOCAL DATA ELEMENT F, LDF (RLIN)
a 7
b cbc
c orignew
d 1
e ocip
f 19
g y-gencatlg
942 ## - ADDED ENTRY ELEMENTS (KOHA)
Source of classification or shelving scheme
Koha item type Books
Edition 1
Holdings
Withdrawn status Lost status Source of classification or shelving scheme Damaged status Not for loan Permanent location Current location Date acquired Inventory number Total Checkouts Full call number Barcode Date last seen Price effective from Koha item type
          Ken Walker International University Ken Walker International University 02/10/2021 1336   821.111 S-86 1336 02/10/2021 02/10/2021 Books

Powered by Koha